Characterization of acid aerosol and gas exposures in non-urban environments /

Saved in:
Bibliographic Details
Main Author: Suh, Helen H.
Corporate Author: Harvard School of Public Health.
Format: Book
Language:English
Published: 1993.
Subjects:
Tags: Add Tag
No Tags, Be the first to tag this record!
LEADER 00663nam a2200205 a 4500
001 007739499-2
005 20020606104010.5
008 980318s1993 xx b 000|0 eng d
035 0 |a ocm78556830 
100 1 |a Suh, Helen H. 
245 1 0 |a Characterization of acid aerosol and gas exposures in non-urban environments /  |c Helen H. Suh. 
260 |c 1993. 
300 |a xi, 197 leaves ;  |c 29 cm. 
502 |a Thesis (Doctor of Science)--Harvard School of Public Health, 1993. 
504 |a Includes bibliographical references. 
650 0 |a Aerosols  |x Toxicology. 
650 0 |a Gas  |x Toxicology. 
710 2 |a Harvard School of Public Health. 
988 |a 20020608 
906 |0 MH